| 000 | 00781cam a22002651 4500 | ||
|---|---|---|---|
| 001 | ne 64000462 | ||
| 003 | DLC | ||
| 005 | 20260227111756.0 | ||
| 008 | 900417s1963 ua b 000 0 ara c | ||
| 010 | _ane 64000462 | ||
| 025 | _aPL480:UAR-3684 | ||
| 035 | _a(OCoLC)21386478 | ||
| 040 |
_aPrinceton Univ. Libr. _cWaU _dWaU _dDLC |
||
| 041 | 1 |
_aara _hafr |
|
| 050 | 0 | 0 |
_aPL8010 _b.S5 |
| 100 | 1 | _aShalash, ʻAlī. | |
| 245 | 1 | 0 |
_aMin al-adab al-Ifrīqī _c[taʼlīf] ʻAlī Shalash. |
| 260 |
_a[al-Qāhirah] _bDār al-Maʻārif _c[1963] |
||
| 300 |
_a118 p. _c18 cm. |
||
| 490 | 1 |
_aIqraʼ ; _v238 |
|
| 504 | _aBibliography: p. 117-118. | ||
| 650 | 0 | _aAfrican literature. | |
| 650 | 0 |
_aAfrican literature _xTranslations into Arabic. |
|
| 830 | 0 |
_aIqraʼ (Cairo, Egypt) ; _v238. |
|
| 999 |
_c46735 _d46735 |
||